000 00733nam a2200265 a 4500
003 AR-BaBNM
005 20251128203358.0
008 082120s2002 ||||||||||||||000 | spa||
040 _cAR-BaBNM
100 1 _aParrot, André
245 0 0 _a¿Qué es la arqueología?
260 _aBuenos Aires
_bEudeba
_c1977
300 _a119 p.
_bil., láms., mapas, tablas
490 0 _aCiencia joven
650 4 _aARQUEOLOGIA
650 4 _aARQUEOLOGOS
650 4 _aEXCAVACIONES ARQUEOLOGICAS
650 4 _aINTERPRETACION ARQUEOLOGICA
650 4 _aOBJETOS ARQUEOLOGICOS
650 4 _aTRABAJO ARQUEOLOGICO SOBRE EL TERRENO
650 4 _aRECURSOS
700 1 _aBeccacece, Hugo Héctor
_etraductor
942 _cBK
998 _cmariana
999 _c3116
_d3116